Largest Crop Producers - Statistics

General Stats
  • This quiz has been taken 34 times
  • The average score is 25 of 30
Answer Stats
Answer % Correct
China
100%
China
100%
China
100%
China
100%
Russia
100%
Russia
100%
Russia
100%
Russia
100%
India
97%
India
97%
United States of America
97%
Germany
90%
Germany
90%
Brazil
87%
France
87%
Canada
83%
Canada
83%
Argentina
80%
Indonesia
80%
Peru
77%
Ukraine
77%
Niger
73%
Poland
73%
Poland
73%
Bolivia
67%
Nigeria
67%
Thailand
53%
Ecuador
50%
Mali
50%
Guinea
30%
No matching quizzes found
Score Distribution
Percent of People with Each Score
Percentile by Number Answered
Your Score History
You have not taken this quiz